000 00699nam a22002177a 4500
010 _aB-045625
020 _a8493110108
_c270.00
035 _aB-045625
037 _bCen Lib / Ret
040 _aDPL
_bEn
082 _a769.563092
_bWHO
245 _aWho's who on Indian stamps /
_cedited by Sushma Suresh
260 _aPune
_bMohan B. Daryanani
_c1999
270 _a9, Gulati Mansion Padamjee Park
_bMaharashtra
_e411002
300 _a451p ;
_c27cm(Hb)
650 _a Commemorative postage stamps -- India -- Catalogs.
650 _aIndia -- Biography.
650 _aCommemorative postage stamps.
700 _aSushma Suresh
942 _2ddc
_cEN
_h769.563092
_mWHO
999 _c137092
_d137092